[Event "Karlsruhe Grenke op"]
[Site "Karlsruhe"]
[Date "2024.03.29"]
[Round "2"]
[White "Erigaisi, Arjun Kumar"]
[Black "Tudor, Henry Edward"]
[Result "1/2-1/2"]
[WhiteElo "2748"]
[BlackElo "2262"]
[PlyCount "272"]
[EventDate "2024.03.28"]
[EventType "swiss"]
[EventRounds "9"]
[EventCountry "GER"]
[SourceTitle "CB14_2024"]
[SourceDate "2024.04.01"]
[SourceVersion "1"]
[SourceVersionDate "2024.04.01"]
[SourceQuality "1"]

1. d4 Nf6 2. c4 e6 3. Nc3 Bb4 4. e3 0-0 5. Bd3 d5 6. cxd5 exd5 7. a3 Bd6 8. Qc2 Na6 9. b4 c6 10. b5 Nb8 11. a4 a6 12. Rb1 axb5 13. axb5 Nbd7 14. bxc6 bxc6 15. Nf3 Ba6 16. 0-0 Bxd3 17. Qxd3 Re8 18. Bb2 Ne4 19. Qc2 Ra5 20. Rfc1 Re6 21. h3 g5 22. Nxe4 dxe4 23. d5 Rxd5 24. Nd4 Rg6 25. Qxe4 Nf6 26. Qf3 c5 27. Nf5 Be5 28. Rd1 Bxb2 29. Rxd5 Nxd5 30. Rxb2 Ne7 31. Rd2 Qf8 32. Qd1 Nxf5 33. Rd8 Nd6 34. Rxf8+ Kxf8 35. Qd5 c4 36. e4 Re6 37. f3 h6 38. Kf2 Ke7 39. Qc5 Kd7 40. e5 Nf5 41. Qxc4 Rxe5 42. Qxf7+ Ne7 43. g4 Re6 44. Kg3 Rb6 45. h4 Ra6 46. Qc4 Rg6 47. Kf2 Ke8 48. Ke3 Kf8 49. Qc5 Kf7 50. Kf2 Rc6 51. Qe5 Re6 52. Qb5 Rg6 53. Kg3 Kf8 54. Qe5 Kf7 55. Qh8 Rf6 56. Qa8 Rg6 57. Qa2+ Kg7 58. Qb2+ Kf7 59. Qd4 Rc6 60. Qd2 Rg6 61. Qe3 Kf8 62. Qe5 Kf7 63. Qe4 Kf8 64. Qa8+ Kf7 65. Qh8 Rf6 66. Kg2 Rg6 67. Qh7+ Kf8 68. Kf2 Re6 69. Qd3 Rg6 70. Kg3 Kf7 71. Qd2 Kg7 72. Qd8 Kf7 73. f4 gxf4+ 74. Kxf4 Rf6+ 75. Kg3 Rg6 76. Qh8 Rf6 77. Kh3 Re6 78. Kg2 Rf6 79. Kg3 Re6 80. Qh7+ Kf8 81. Kf4 Rf6+ 82. Ke5 Ra6 83. Ke4 Re6+ 84. Kd4 Rd6+ 85. Kc5 Rc6+ 86. Kb5 Rf6 87. Kc5 Rc6+ 88. Kd4 Re6 89. Kd3 Rd6+ 90. Ke4 Re6+ 91. Kf4 Rf6+ 92. Ke5 Ra6 93. h5 Ng8 94. Qb7 Ra1 95. Qb4+ Kg7 96. Kf5 Rf1+ 97. Ke5 Rf7 98. Qc3 Rf6 99. Qb2 Rf7 100. Qb6 Rf6 101. Qb1 Kh8 102. Qb7 Rf8 103. Qd7 Rf1 104. Qb5 Rf7 105. Qb2 Kg7 106. Qa1 Rf6 107. Qb1 Kh8 108. Qa2 Rf8 109. Qe6 Rf1 110. Qg6 Re1+ 111. Kd6 Rd1+ 112. Kc7 Rc1+ 113. Kd7 Rd1+ 114. Ke6 Re1+ 115. Kd6 Rd1+ 116. Ke5 Re1+ 117. Kf4 Rf1+ 118. Kg3 Rf6 119. Qd3 Kg7 120. Qd4 Kh7 121. Qd7+ Kh8 122. g5 hxg5 123. Kg4 Rh6 124. Qd4+ Kh7 125. Kxg5 Rf6 126. Qe5 Rh6 127. Qc7+ Kh8 128. Qa7 Rf6 129. Qa1 Kh7 130. Qb1+ Kh8 131. Qb2 Kh7 132. Qc2+ Kh8 133. Qc3 Kh7 134. Qd3+ Kh8 135. Qd4 Kh7 136. Qe5 Rh6 1/2-1/2

[Event "Bucharest Grand Prix op"]
[Site "Bucharest"]
[Date "2024.03.23"]
[Round "3"]
[White "Tudor, Henry Edward"]
[Black "Mikhalevski, Victor"]
[Result "0-1"]
[WhiteElo "2262"]
[BlackElo "2514"]
[PlyCount "160"]
[EventDate "2024.03.23"]
[EventType "swiss (rapid)"]
[EventRounds "10"]
[EventCountry "ROU"]
[SourceTitle "CB13_2024"]
[SourceDate "2024.03.27"]
[SourceVersion "1"]
[SourceVersionDate "2024.03.27"]
[SourceQuality "1"]

1. d4 Nf6 2. c4 g6 3. Nc3 d5 4. cxd5 Nxd5 5. e4 Nxc3 6. bxc3 Bg7 7. Qa4+ Qd7 8. Qa3 b6 9. Nf3 Bb7 10. Bd3 c5 11. Bb2 0-0 12. 0-0 Rc8 13. Rad1 e6 14. Ba1 c4 15. Bc2 Nc6 16. Qc1 b5 17. h4 a5 18. h5 Qe7 19. Rfe1 e5 20. d5 Nb8 21. Qb1 Qc5 22. Bb2 Nd7 23. Bc1 b4 24. Be3 Qd6 25. h6 Bf8 26. Ba4 f6 27. Qc1 Nc5 28. Bc2 Rab8 29. Qd2 Ba6 30. Rb1 Nd3 31. Red1 Qd7 32. Ne1 bxc3 33. Qe2 Nf4 34. Bxf4 exf4 35. Qf3 Bxh6 36. Qxc3 Rxb1 37. Rxb1 Qd8 38. Ba4 Bf8 39. a3 Bd6 40. Nf3 g5 41. Nh2 Be5 42. Qc2 Qd6 43. Nf3 c3 44. Nxe5 fxe5 45. Bc6 Qxa3 46. Rb3 Qa1+ 47. Rb1 Qa3 48. Rb3 Qc5 49. Rxc3 Qd4 50. d6 Kg7 51. d7 Rd8 52. Rc5 Bd3 53. Qc3 Qxc3 54. Rxc3 Be2 55. Rc5 Kf6 56. Rxa5 Bg4 57. Ra6 Ke7 58. Ra5 Kd6 59. Ra6 Kc5 60. Ba4 Bxd7 61. Bxd7 Rxd7 62. Re6 Kd4 63. f3 g4 64. Kh2 gxf3 65. gxf3 Rg7 66. Re8 Rg5 67. Ra8 Ke3 68. Ra3+ Kf2 69. Kh3 Rg3+ 70. Kh4 Rxf3 71. Ra2+ Ke3 72. Kg4 Rf2 73. Ra4 Rc2 74. Kf5 Rc5 75. Ra3+ Kf2 76. Rh3 Kg2 77. Rxh7 f3 78. Rg7+ Kf1 79. Kg4 f2 80. Kg3 Ke2 0-1

[Event "Titled Tuesday intern op 12th Mar Early"]
[Site "Chess.com INT"]
[Date "2024.03.12"]
[Round "8"]
[White "Gomez, Carlos David"]
[Black "Tudor, Henry Edward"]
[Result "0-1"]
[WhiteElo "2345"]
[BlackElo "2262"]
[PlyCount "102"]
[EventDate "2024.03.12"]
[EventType "swiss (blitz)"]
[EventRounds "11"]
[EventCountry "USA"]
[SourceTitle "CB12_2024"]
[SourceDate "2023.10.01"]
[SourceVersion "1"]
[SourceVersionDate "2023.10.01"]
[SourceQuality "1"]

1. d4 Nf6 2. c4 e6 3. e3 d5 4. Nf3 Be7 5. Bd3 0-0 6. 0-0 dxc4 7. Bxc4 c5 8. Qe2 cxd4 9. exd4 b6 10. Rd1 Bb7 11. Nc3 Re8 12. Ne5 Nd5 13. Rd3 Nc6 14. Nxd5 exd5 15. Bb5 Bf6 16. Bf4 Re6 17. Bxc6 Bxc6 18. Re3 Bb7 19. Re1 Rc8 20. Ng4 Rxe3 21. Qxe3 h5 22. Ne5 Qe8 23. Qf3 h4 24. g3 hxg3 25. hxg3 Qa4 26. Bg5 Bxe5 27. dxe5 Qd7 28. e6 fxe6 29. Qg4 Re8 30. Bf6 Qf7 31. Bd4 Ba6 32. Re5 Bd3 33. Rg5 g6 34. Rh5 Kf8 35. Rh8+ Ke7 36. Qh4+ Kd6 37. Rh7 Qf3 38. Be3 Be4 39. Qf4+ Qxf4 40. Bxf4+ e5 41. Be3 Re7 42. Rh6 d4 43. Bd2 Kd5 44. Rh8 Rc7 45. Rd8+ Kc4 46. f4 Kd3 47. Bb4 Rc1+ 48. Kf2 Rc2+ 49. Kg1 Rxb2 50. Bd6 Ke3 51. Bxe5 Rb1+ 0-1

[Event "Titled Tuesday intern op 12th Mar Early"]
[Site "Chess.com INT"]
[Date "2024.03.12"]
[Round "2"]
[White "Mwale, Joseph"]
[Black "Tudor, Henry Edward"]
[Result "0-1"]
[WhiteElo "2043"]
[BlackElo "2262"]
[PlyCount "114"]
[EventDate "2024.03.12"]
[EventType "swiss (blitz)"]
[EventRounds "11"]
[EventCountry "USA"]
[SourceTitle "CB12_2024"]
[SourceDate "2023.10.01"]
[SourceVersion "1"]
[SourceVersionDate "2023.10.01"]
[SourceQuality "1"]

1. e4 c5 2. Nf3 d6 3. c3 Nf6 4. Be2 Nc6 5. d4 cxd4 6. cxd4 Nxe4 7. d5 Qa5+ 8. Nc3 Nxc3 9. bxc3 Ne5 10. 0-0 g6 11. Nxe5 dxe5 12. Qb3 a6 13. Be3 Qc7 14. Bb6 Qd7 15. Rad1 Bg7 16. d6 exd6 17. Bc5 0-0 18. Bxd6 Re8 19. Bxe5 Qe6 20. Bxg7 Qxb3 21. axb3 Kxg7 22. Bf3 Rb8 23. Rd6 Be6 24. c4 Kf8 25. Rfd1 Rec8 26. h4 h5 27. Rb6 Rc7 28. Be4 Ke7 29. Rdd6 Bc8 30. Rf6 Be6 31. Rf3 a5 32. Re3 a4 33. bxa4 Kd7 34. Bxg6 Bxc4 35. Bxh5 Rc6 36. Bg4+ Kc7 37. Rxc6+ bxc6 38. Rc3 Bd5 39. Bf3 Bxf3 40. Rxf3 Rb4 41. Rxf7+ Kb6 42. h5 Rh4 43. Rf5 Rxa4 44. Kh2 c5 45. Kh3 c4 46. Rf8 Ra7 47. Rf3 Kc5 48. Rc3 Kb4 49. Rc1 c3 50. g4 Kb3 51. Kh4 Kb2 52. Rg1 c2 53. g5 Rd7 54. h6 Rd1 55. Rg2 Rh1+ 56. Kg3 c1Q 57. Rh2 Qxg5+ 0-1

[Event "Titled Tuesday intern op 12th Mar Early"]
[Site "Chess.com INT"]
[Date "2024.03.12"]
[Round "1"]
[White "Tudor, Henry Edward"]
[Black "Pourkashiyan, Atousa"]
[Result "1-0"]
[WhiteElo "2262"]
[BlackElo "2270"]
[PlyCount "47"]
[EventDate "2024.03.12"]
[EventType "swiss (blitz)"]
[EventRounds "11"]
[EventCountry "USA"]
[SourceTitle "CB12_2024"]
[SourceDate "2023.10.01"]
[SourceVersion "1"]
[SourceVersionDate "2023.10.01"]
[SourceQuality "1"]

1. d4 Nf6 2. c4 e6 3. Nc3 Bb4 4. e3 0-0 5. Bd3 c5 6. Nge2 cxd4 7. exd4 d5 8. c5 b6 9. a3 Bxc3+ 10. Nxc3 bxc5 11. dxc5 e5 12. Bg5 Be6 13. 0-0 h6 14. Bh4 g5 15. Bg3 e4 16. Bc2 Bf5 17. Bd6 Be6 18. f3 e3 19. Qd3 Nc6 20. Ne2 d4 21. Nxd4 Nxd4 22. Qxd4 e2 23. Rfe1 Nd5 24. Qd3 1-0

[Event "ROM-ch"]
[Site "Eforie Nord"]
[Date "2024.02.27"]
[Round "5"]
[White "Nevednichy, Vladislav"]
[Black "Tudor, Henry Edward"]
[Result "1-0"]
[WhiteElo "2445"]
[BlackElo "2239"]
[PlyCount "93"]
[EventDate "2024.02.24"]
[EventType "swiss"]
[EventRounds "9"]
[EventCountry "ROU"]
[SourceTitle "CB10_2024"]
[SourceDate "2024.03.06"]
[SourceVersion "1"]
[SourceVersionDate "2024.03.06"]
[SourceQuality "1"]

1. e4 c5 2. Nf3 d6 3. d4 cxd4 4. Nxd4 Nf6 5. Nc3 a6 6. f4 e5 7. Nb3 Nc6 8. Bd3 Be7 9. 0-0 0-0 10. Nd5 Nxd5 11. exd5 Nb4 12. Be4 f5 13. Bf3 a5 14. c3 Na6 15. a4 Qb6+ 16. Kh1 Nc5 17. Nxc5 Qxc5 18. Qb3 Kh8 19. Re1 Bf6 20. Be3 Qc7 21. g3 Bd7 22. Bb6 Qc8 23. c4 g5 24. Rac1 gxf4 25. gxf4 e4 26. Bh5 Be8 27. Be2 Qd7 28. c5 dxc5 29. Bb5 Qf7 30. Bxc5 Rg8 31. Bc4 Qh5 32. Qe3 Bf7 33. Bd4 Qh6 34. Rg1 Bh5 35. h3 Rgf8 36. d6 Rad8 37. Kh2 Bxd4 38. Qxd4+ Rf6 39. Rg5 e3 40. Rxh5 Qg7 41. Rg1 Rg6 42. Qxg7+ Kxg7 43. Rxf5 Rdxd6 44. Rxg6+ hxg6 45. Re5 Rd4 46. b3 Rxf4 47. Rxe3 1-0

[Event "ROM-ch"]
[Site "Eforie Nord"]
[Date "2024.02.26"]
[Round "4"]
[White "Tudor, Henry Edward"]
[Black "Danila, Tudor Gabriel"]
[Result "1-0"]
[WhiteElo "2239"]
[BlackElo "1901"]
[PlyCount "75"]
[EventDate "2024.02.24"]
[EventType "swiss"]
[EventRounds "9"]
[EventCountry "ROU"]
[SourceTitle "CB10_2024"]
[SourceDate "2024.03.06"]
[SourceVersion "1"]
[SourceVersionDate "2024.03.06"]
[SourceQuality "1"]

1. d4 Nf6 2. c4 e6 3. Nc3 Bb4 4. e3 0-0 5. Bd3 d5 6. a3 Bxc3+ 7. bxc3 dxc4 8. Bxc4 c5 9. Nf3 Qc7 10. Be2 b6 11. Bb2 Bb7 12. 0-0 Nbd7 13. c4 Rac8 14. Rc1 Rfd8 15. Qb3 Qb8 16. Rfd1 Qa8 17. a4 Bc6 18. Qa2 Nf8 19. Qa1 cxd4 20. exd4 Ng6 21. d5 exd5 22. Bxf6 gxf6 23. Qxf6 Qb7 24. Qb2 Qe7 25. cxd5 Bxa4 26. Rxc8 Rxc8 27. d6 Qe8 28. Rd2 Rc5 29. h4 Nf4 30. Bf1 Bd7 31. g3 Ng6 32. Re2 Qb8 33. Ng5 Bc6 34. d7 Bxd7 35. Ne4 Rc6 36. Nf6+ Rxf6 37. Qxf6 Qc7 38. h5 1-0

[Event "Budapest FS02 GM"]
[Site "Budapest"]
[Date "2024.02.10"]
[Round "7"]
[White "Tudor, Henry Edward"]
[Black "Varadi, Viktor"]
[Result "0-1"]
[WhiteElo "2239"]
[BlackElo "2369"]
[PlyCount "88"]
[EventDate "2024.02.03"]
[EventType "tourn"]
[EventRounds "9"]
[EventCountry "HUN"]
[EventCategory "7"]
[SourceTitle "CB08_2024"]
[SourceDate "2024.02.21"]
[SourceVersion "1"]
[SourceVersionDate "2024.02.21"]
[SourceQuality "1"]

1. d4 Nf6 2. c4 g6 3. h4 Bg7 4. Nc3 c5 5. d5 d6 6. e4 e6 7. Be2 exd5 8. exd5 0-0 9. h5 Nbd7 10. Bg5 h6 11. Bf4 Ne5 12. Qd2 g5 13. Bg3 Re8 14. 0-0-0 Bf5 15. f4 gxf4 16. Bxf4 Neg4 17. Nf3 Nf2 18. Bxh6 Rxe2 19. Qg5 Rc2+ 20. Kb1 Rxc3+ 21. Qxf5 Bxh6 22. bxc3 Nxh1 23. Rxh1 Nh7 24. g4 Bg7 25. g5 Qb6+ 26. Kc1 Qa5 27. g6 Qxc3+ 28. Kd1 fxg6 29. Qe6+ Kh8 30. Ng5 Qd3+ 31. Kc1 Qxc4+ 32. Kd1 Qa4+ 33. Ke2 Re8 34. Nf7+ Kg8 35. Nh6+ Kf8 36. Rf1+ Nf6 37. Rxf6+ Bxf6 38. hxg6 Rxe6+ 39. dxe6 Qe4+ 40. Kf1 Qf4+ 41. Kg2 Qxh6 42. e7+ Kxe7 43. g7 Qxg7+ 44. Kf3 Be5 0-1

[Event "ROM-chT"]
[Site "Eforie Nord"]
[Date "2023.09.24"]
[Round "4.4"]
[White "Tudor, Henry Edward"]
[Black "Istratescu, Andrei"]
[Result "1/2-1/2"]
[WhiteElo "2261"]
[BlackElo "2370"]
[PlyCount "97"]
[EventDate "2023.09.21"]
[EventType "team-tourn"]
[EventRounds "9"]
[EventCountry "ROU"]
[SourceTitle "EXT 2024"]
[Source "ChessBase"]
[SourceDate "2023.10.10"]
[SourceVersion "1"]
[SourceVersionDate "2023.10.10"]
[SourceQuality "1"]
[WhiteTeam "Craiova Oltenia"]
[BlackTeam "Baia Mare Municipiului"]
[WhiteTeamCountry "ROU"]
[BlackTeamCountry "ROU"]

1. d4 Nf6 2. c4 e6 3. Nc3 Bb4 4. e3 d5 5. a3 Bxc3+ 6. bxc3 c5 7. cxd5 exd5 8. Bd3 0-0 9. Ne2 b6 10. 0-0 Ba6 11. f3 Bxd3 12. Qxd3 Re8 13. Ng3 Nc6 14. Bb2 c4 15. Qd2 h5 16. Rae1 g6 17. Qf2 h4 18. Ne2 Nh5 19. e4 Qf6 20. e5 Qe7 21. f4 Ng7 22. f5 Nxf5 23. Nf4 Qd7 24. Nh5 gxh5 25. Qxf5 Qxf5 26. Rxf5 Ne7 27. Rxh5 Ng6 28. Rf1 b5 29. Bc1 a5 30. Bg5 b4 31. axb4 axb4 32. cxb4 c3 33. Be3 Rab8 34. Rhf5 Re7 35. Rb1 c2 36. Rc1 Rc7 37. Rf2 Rc3 38. Re2 Rbc8 39. Kf2 Ne7 40. b5 Nf5 41. b6 Rb3 42. b7 Rxb7 43. Rexc2 Rxc2+ 44. Rxc2 Rb3 45. Bg5 h3 46. gxh3 Rxh3 47. Kg2 Rd3 48. Rc8+ Kh7 49. Bf6 1/2-1/2

[Event "ROM-chT"]
[Site "Eforie Nord"]
[Date "2023.09.23"]
[Round "3.4"]
[White "Tudor, Henry Edward"]
[Black "Gavrilescu, David"]
[Result "1/2-1/2"]
[WhiteElo "2261"]
[BlackElo "2534"]
[PlyCount "68"]
[EventDate "2023.09.21"]
[EventType "team-tourn"]
[EventRounds "9"]
[EventCountry "ROU"]
[SourceTitle "EXT 2024"]
[Source "ChessBase"]
[SourceDate "2023.10.10"]
[SourceVersion "1"]
[SourceVersionDate "2023.10.10"]
[SourceQuality "1"]
[WhiteTeam "Craiova Oltenia"]
[BlackTeam "Bucharest ASE"]
[WhiteTeamCountry "ROU"]
[BlackTeamCountry "ROU"]

1. d4 d5 2. c4 e6 3. Nc3 Nf6 4. cxd5 exd5 5. Bg5 Bb4 6. e3 h6 7. Bh4 g5 8. Bg3 h5 9. h4 Ne4 10. Nge2 Bg4 11. Qb3 Nxg3 12. fxg3 Nc6 13. a3 Bxc3+ 14. Nxc3 Ne7 15. Qxb7 0-0 16. Qa6 Rb8 17. Be2 Rb6 18. Qd3 Qd6 19. 0-0 Qxg3 20. hxg5 Rxb2 21. Rf2 Bxe2 22. Rxe2 Rfb8 23. Rf1 Qxg5 24. e4 Qg6 25. Rxb2 Rxb2 26. Qf3 dxe4 27. Nxe4 Nf5 28. Qh3 Nh4 29. Nf6+ Kg7 30. g3 Nf3+ 31. Rxf3 Rb1+ 32. Kg2 Rb2+ 33. Kg1 Rb1+ 34. Kg2 Rb2+ 1/2-1/2

[Event "ROM-chT"]
[Site "Eforie Nord"]
[Date "2023.09.21"]
[Round "1.4"]
[White "Tudor, Henry Edward"]
[Black "Rogozenco, Dorian"]
[Result "0-1"]
[WhiteElo "2261"]
[BlackElo "2421"]
[PlyCount "134"]
[EventDate "2023.09.21"]
[EventType "team-tourn"]
[EventRounds "9"]
[EventCountry "ROU"]
[SourceTitle "EXT 2024"]
[Source "ChessBase"]
[SourceDate "2023.10.10"]
[SourceVersion "1"]
[SourceVersionDate "2023.10.10"]
[SourceQuality "1"]
[WhiteTeam "Craiova Oltenia"]
[BlackTeam "Timisoara Medicina"]
[WhiteTeamCountry "ROU"]
[BlackTeamCountry "ROU"]

1. d4 Nf6 2. c4 d6 3. Nf3 Nbd7 4. Nc3 e5 5. e4 g6 6. Be2 Bg7 7. 0-0 0-0 8. Qc2 Nh5 9. Rd1 Nf4 10. Bxf4 exf4 11. Nd5 g5 12. e5 dxe5 13. dxe5 c6 14. Nc3 Qe7 15. Ne4 h6 16. c5 Nxe5 17. Nd4 g4 18. Nd6 Qg5 19. g3 h5 20. N4f5 Be6 21. Nxg7 Kxg7 22. Qd2 Ng6 23. Nxb7 h4 24. Nd6 hxg3 25. Qc3+ f6 26. fxg3 fxg3 27. hxg3 Rh8 28. Ne4 Qe5 29. Qxe5 Nxe5 30. Nc3 Bc4 31. Bxc4 Nxc4 32. Rd7+ Kg6 33. Ne2 Ne5 34. Nf4+ Kf5 35. Rd6 Nf3+ 36. Kf2 Rh2+ 37. Ng2 Ng5 38. Kg1 Nf3+ 39. Kf2 Rah8 40. Rad1 Ng5 41. Rxc6 Nh3+ 42. Kf1 Rh1+ 43. Ke2 Re8+ 44. Kd2 Rh2 45. Rf1+ Kg5 46. Rcxf6 Rxg2+ 47. Kc1 Re5 48. c6 Rc5+ 49. Kb1 Rg1 50. Rxg1 Kxf6 51. Rf1+ Ke6 52. Re1+ Kd5 53. Re7 Nf2 54. Rxa7 Ne4 55. a4 Kxc6 56. a5 Nxg3 57. Rg7 Ne4 58. Rg6+ Kb7 59. a6+ Ka7 60. b4 Rg5 61. Rh6 g3 62. b5 g2 63. Rh7+ Kb6 64. Rb7+ Ka5 65. a7 g1Q+ 66. Kc2 Qg2+ 67. Kd3 Nc5+ 0-1

[Event "EU-ch U12 31st"]
[Site "Mamaia"]
[Date "2023.09.11"]
[Round "6"]
[White "Ivanov, Andrey A2222"]
[Black "Tudor, Henry Edward"]
[Result "0-1"]
[WhiteElo "1905"]
[BlackElo "2261"]
[PlyCount "84"]
[EventDate "2023.09.05"]
[EventType "swiss"]
[EventRounds "9"]
[EventCountry "ROU"]
[SourceTitle "EXT 2024"]
[Source "ChessBase"]
[SourceDate "2023.10.10"]
[SourceVersion "1"]
[SourceVersionDate "2023.10.10"]
[SourceQuality "1"]

1. d4 Nf6 2. c4 e6 3. Nf3 Bb4+ 4. Bd2 a5 5. g3 b6 6. Bg2 Bb7 7. 0-0 0-0 8. Bf4 Be7 9. Nc3 Ne4 10. Rc1 d6 11. Qc2 Nxc3 12. Qxc3 Nd7 13. Rfd1 Re8 14. h4 h6 15. Qd3 f5 16. Bd2 Be4 17. Qe3 Bf6 18. Ne1 Bxg2 19. Nxg2 Qe7 20. Nf4 Qf7 21. Qd3 Bxd4 22. Qxd4 e5 23. Qd3 Nc5 24. Qf3 exf4 25. Bxf4 Re4 26. Be3 Rae8 27. Rd5 f4 28. gxf4 Qf6 29. b3 Qxh4 30. Kg2 Qf6 31. Rcd1 Qg6+ 32. Qg3 Qf7 33. Kf3 Ne6 34. Rg1 Re5 35. Rgd1 Rf8 36. Rh1 Rxd5 37. cxd5 Nxf4 38. Bxf4 Qxd5+ 39. e4 Qd3+ 40. Kg4 Qxe4 41. Rc1 g5 42. Rc4 Rxf4+ 0-1

[Event "EU-ch U12 31st"]
[Site "Mamaia"]
[Date "2023.09.06"]
[Round "2"]
[White "Dodoi, Matei Teodor"]
[Black "Tudor, Henry Edward"]
[Result "1/2-1/2"]
[WhiteElo "1847"]
[BlackElo "2261"]
[PlyCount "89"]
[EventDate "2023.09.05"]
[EventType "swiss"]
[EventRounds "9"]
[EventCountry "ROU"]
[SourceTitle "EXT 2024"]
[Source "ChessBase"]
[SourceDate "2023.10.10"]
[SourceVersion "1"]
[SourceVersionDate "2023.10.10"]
[SourceQuality "1"]

1. d4 Nf6 2. c4 e6 3. Nf3 d5 4. Nc3 Bb4 5. Qa4+ Nc6 6. Bg5 dxc4 7. e4 Bd7 8. Qd1 b5 9. a4 a6 10. Be2 h6 11. Bxf6 gxf6 12. 0-0 Ne7 13. Qc2 c6 14. b3 cxb3 15. Qxb3 Ba5 16. Rfd1 0-0 17. Rac1 Bxc3 18. Rxc3 Qa5 19. axb5 axb5 20. Nh4 Kh7 21. Rg3 Rg8 22. Rf3 f5 23. exf5 Qa2 24. Qe3 Nxf5 25. Nxf5 exf5 26. Bd3 Qd5 27. Qf4 Ra4 28. Bxf5+ Bxf5 29. Qxf5+ Qxf5 30. Rxf5 Kg6 31. Rc5 Rc4 32. Rxc4 bxc4 33. Rc1 Ra8 34. g4 Ra4 35. Kg2 Kg5 36. Kg3 Ra3+ 37. f3 c3 38. h4+ Kf6 39. Kf4 Ke6 40. Ke4 Kd6 41. Rc2 c5 42. Kd3 cxd4 43. Kxd4 Ra4+ 44. Kd3 Ke5 45. Rxc3 1/2-1/2

[Event "EU-ch U12 31st"]
[Site "Mamaia"]
[Date "2023.09.05"]
[Round "1"]
[White "Tudor, Henry Edward"]
[Black "Gvasalia, Gaga"]
[Result "1-0"]
[WhiteElo "2261"]
[BlackElo "1698"]
[PlyCount "53"]
[EventDate "2023.09.05"]
[EventType "swiss"]
[EventRounds "9"]
[EventCountry "ROU"]
[SourceTitle "EXT 2024"]
[Source "ChessBase"]
[SourceDate "2023.10.10"]
[SourceVersion "1"]
[SourceVersionDate "2023.10.10"]
[SourceQuality "1"]

1. d4 d5 2. c4 e6 3. Nc3 c6 4. e4 dxe4 5. Nxe4 Nf6 6. Nxf6+ Qxf6 7. Nf3 Bb4+ 8. Bd2 Bxd2+ 9. Qxd2 Nd7 10. Be2 0-0 11. Qe3 c5 12. 0-0 cxd4 13. Nxd4 Nb6 14. b3 e5 15. Nb5 Bd7 16. a4 Bc6 17. Rfd1 e4 18. Nxa7 Rxa7 19. Qxb6 Ra6 20. Qd4 Qg5 21. Qe3 Qe7 22. f4 Ra5 23. Rac1 g5 24. fxg5 Rxg5 25. Rf1 f5 26. Rf4 Qa3 27. Rcf1 1-0

[Event "Abu Dhabi op 29th"]
[Site "Abu Dhabi"]
[Date "2023.08.23"]
[Round "8"]
[White "Bai, Adelard"]
[Black "Tudor, Henry Edward"]
[Result "0-1"]
[WhiteElo "2399"]
[BlackElo "2314"]
[PlyCount "74"]
[EventDate "2023.08.16"]
[EventType "swiss"]
[EventRounds "9"]
[EventCountry "UAE"]
[SourceTitle "EXT 2024"]
[Source "ChessBase"]
[SourceDate "2023.10.10"]
[SourceVersion "1"]
[SourceVersionDate "2023.10.10"]
[SourceQuality "1"]

1. d4 Nf6 2. c4 e6 3. Nf3 d5 4. g3 Be7 5. Bg2 0-0 6. Nc3 dxc4 7. Ne5 Nc6 8. Bxc6 bxc6 9. Nxc6 Qe8 10. Nxe7+ Qxe7 11. Qa4 e5 12. Qxc4 exd4 13. Qxd4 Rd8 14. Qh4 h6 15. 0-0 Rb8 16. e4 Rd4 17. Be3 Rc4 18. Rfc1 Rbb4 19. a3 Rxe4 20. Nd5 Qe5 21. Nxf6+ gxf6 22. Qxh6 Rh4 23. Rc5 Qxb2 24. Rg5+ fxg5 25. Qxg5+ Kh7 26. Rc1 Rbg4 27. Qd5 Be6 28. Qd3+ Rg6 29. Rxc7 Qe5 30. Rc5 Qa1+ 31. Rc1 Qf6 32. Rc5 Qf3 33. Qd8 Rxg3+ 34. Kf1 Bh3+ 35. Ke1 Rg1+ 36. Kd2 Rd1+ 37. Kc2 Rxd8 0-1

[Event "Abu Dhabi op 29th"]
[Site "Abu Dhabi"]
[Date "2023.08.20"]
[Round "5"]
[White "Liu, Guanchu"]
[Black "Tudor, Henry Edward"]
[Result "1-0"]
[WhiteElo "2412"]
[BlackElo "2314"]
[PlyCount "53"]
[EventDate "2023.08.16"]
[EventType "swiss"]
[EventRounds "9"]
[EventCountry "UAE"]
[SourceTitle "EXT 2024"]
[Source "ChessBase"]
[SourceDate "2023.10.10"]
[SourceVersion "1"]
[SourceVersionDate "2023.10.10"]
[SourceQuality "1"]

1. e4 c5 2. Nf3 e6 3. d4 cxd4 4. Nxd4 a6 5. Nc3 Qc7 6. Bd3 Nf6 7. f4 b5 8. e5 b4 9. Na4 Nd5 10. 0-0 Bb7 11. c4 bxc3 12. Be4 Ne3 13. Bxe3 Bxe4 14. Nxc3 Bb7 15. Rc1 Nc6 16. Nf5 exf5 17. Nd5 Qc8 18. Qd3 Be7 19. Rfd1 Qb8 20. Nxe7 Qd8 21. Nxf5 0-0 22. Bc5 Re8 23. Nd6 Bc8 24. Qf5 Re7 25. Nxc8 Rxc8 26. Bxe7 Nxe7 27. Rxc8 1-0

[Event "EU-chT U12"]
[Site "Iasi"]
[Date "2023.07.29"]
[Round "6.1"]
[White "Rozanski, Mateusz"]
[Black "Tudor, Henry Edward"]
[Result "1/2-1/2"]
[WhiteElo "1925"]
[BlackElo "2351"]
[PlyCount "176"]
[EventDate "2023.07.24"]
[EventType "team-swiss"]
[EventRounds "7"]
[EventCountry "ROU"]
[SourceTitle "CBM 215 Extra"]
[Source "ChessBase"]
[SourceDate "2023.09.30"]
[SourceVersion "1"]
[SourceVersionDate "2023.09.30"]
[SourceQuality "1"]
[WhiteTeam "Poland U12"]
[BlackTeam "Romania U12"]
[WhiteTeamCountry "POL"]
[BlackTeamCountry "ROU"]

1. e4 c5 2. Nc3 e6 3. Nge2 a6 4. g3 b5 5. d4 cxd4 6. Nxd4 Bb7 7. Bg2 Nf6 8. Bg5 Be7 9. a3 h6 10. Bxf6 Bxf6 11. 0-0 Qb6 12. Nce2 0-0 13. c3 d6 14. Kh1 Nd7 15. Qd2 Rac8 16. Rad1 Rfd8 17. f4 Nc5 18. Qe3 Qc7 19. h4 Re8 20. Kh2 e5 21. Nf5 d5 22. Qf2 dxe4 23. Nd6 Nd3 24. Nxe8 Nxf2 25. Nxc7 Nxd1 26. Rxd1 Rxc7 27. fxe5 Bxe5 28. Rd8+ Kh7 29. Re8 f6 30. h5 g6 31. Nf4 Bxf4 32. gxf4 f5 33. Bh3 Rf7 34. Re5 Bc8 35. Rc5 Bd7 36. Rd5 Re7 37. Kg1 Be6 38. Re5 Kg7 39. hxg6 Kf6 40. Rc5 Rg7 41. Kf2 Rxg6 42. Bf1 h5 43. Rc7 Rg7 44. Rc6 h4 45. c4 Rg3 46. cxb5 e3+ 47. Ke1 axb5 48. Bxb5 Kf7 49. Rc7+ Kg8 50. Ke2 h3 51. Rc1 h2 52. Bc6 Rg1 53. Rc5 h1Q 54. Bxh1 Rxh1 55. Kxe3 Kf7 56. a4 Ra1 57. a5 Ra4 58. Rb5 Bd7 59. Rb7 Ke6 60. b4 Bc6 61. Rb6 Kd5 62. a6 Ra3+ 63. Kd2 Bd7 64. Rb7 Bc8 65. b5 Ke4 66. Re7+ Kxf4 67. a7 Ra2+ 68. Kc3 Kg3 69. b6 f4 70. Rc7 Ra1 71. Rxc8 Rc1+ 72. Kd3 Rxc8 73. b7 Rd8+ 74. Ke2 f3+ 75. Ke3 Re8+ 76. Kd3 Rd8+ 77. Kc3 f2 78. b8Q+ Rxb8 79. axb8Q+ Kg2 80. Qg8+ Kh2 81. Qh7+ Kg2 82. Qg6+ Kh2 83. Qh5+ Kg2 84. Qg4+ Kh2 85. Qf3 Kg1 86. Qe3 Kg2 87. Qe2 Kg1 88. Qxf2+ Kxf2 1/2-1/2

[Event "Jupiter FISCA"]
[Site "Jupiter"]
[Date "2023.06.23"]
[Round "8"]
[White "Tudor, Henry Edward"]
[Black "Ionescu, Constantin"]
[Result "1-0"]
[WhiteElo "2332"]
[BlackElo "2406"]
[PlyCount "57"]
[EventDate "2023.06.17"]
[EventType "tourn"]
[EventRounds "9"]
[EventCountry "ROU"]
[EventCategory "7"]
[SourceTitle "CBM 214 Extra"]
[Source "ChessBase"]
[SourceDate "2023.07.31"]
[SourceVersion "1"]
[SourceVersionDate "2023.07.31"]
[SourceQuality "1"]

1. d4 Nf6 2. c4 e6 3. Nc3 Bb4 4. Qc2 c5 5. dxc5 0-0 6. a3 Bxc5 7. Nf3 b6 8. Bf4 Bb7 9. Rd1 Nc6 10. b4 Be7 11. e4 Rc8 12. Be2 a5 13. b5 Nb8 14. e5 Ne8 15. Be3 d6 16. exd6 Nxd6 17. Bf4 Qc7 18. Ng5 g6 19. Nce4 Rfd8 20. Qb3 h6 21. Qh3 hxg5 22. Be5 f6 23. Qxe6+ Kh7 24. Bxd6 Rxd6 25. Nxd6 Bxg2 26. Qxc8 Bxd6 27. Qxc7+ Bxc7 28. Rg1 Bb7 29. Rg3 1-0